[Event "TUR-chT Clubs"]
[Site "Konya"]
[Date "2019.07.20"]
[Round "7.18"]
[White "Karaca, Doruk"]
[Black "Ucar, Ahmet"]
[Result "1/2-1/2"]
[WhiteElo "1096"]
[BlackElo "1270"]
[PlyCount "76"]
[EventDate "2019.07.16"]
[EventType "team-swiss"]
[EventRounds "9"]
[EventCountry "TUR"]
[SourceTitle "CBM 191 Extra"]
[Source "ChessBase"]
[SourceDate "2019.09.30"]
[SourceVersion "1"]
[SourceVersionDate "2019.09.30"]
[SourceQuality "1"]
[WhiteTeam "Ermenek Turkuaz Yelken"]
[BlackTeam "Koy Hizmetleri Kastamonu"]
[WhiteTeamCountry "TUR"]
[BlackTeamCountry "TUR"]

1. d4 Nf6 2. e3 g6 3. Bd3 Bg7 4. Nf3 d6 5. b3 Nc6 6. Bb2 0-0 7. a3 Re8 8. 0-0 Bg4 9. h3 Bd7 10. Nbd2 e5 11. dxe5 dxe5 12. e4 a6 13. Nc4 Nh5 14. Bc1 Nf4 15. Bxf4 exf4 16. Rb1 b5 17. Ncd2 Ne5 18. Nxe5 Rxe5 19. Nf3 Re8 20. Qd2 g5 21. Qe2 Bc6 22. Rbd1 Qe7 23. Qd2 h6 24. Rfe1 Qxa3 25. Qe2 Bc3 26. Nd2 Qd6 27. h4 Qf6 28. hxg5 hxg5 29. Qg4 Qh6 30. e5 Bxe5 31. Ne4 Bxe4 32. Rxe4 f6 33. c4 c6 34. Bc2 Rad8 35. Rxd8 Rxd8 36. Qe6+ Kf8 37. Qf5 Kg7 38. Qe6 Rd3 1/2-1/2